An outline of philosophy : with notes, historical and critical /

Bibliographic Details
Main Author: Watson, John, 1847-1939
Format: Book
Language:English
Published: Glasgow : New York : J. Maclehose and sons; The Macmillan company, 1908.
Edition:4th ed.
Subjects:

MARC

Tag First Indicator Second Indicator Subfields
LEADER 00000cam a2200000 4500
001 in00000037808
005 20151007080633.0
008 750325s1908 eng u
035 |a (OCoLC)01235807 
035 |9 AAF5136AM 
040 |c MDY  |d TXA  |d UtOrBLW 
049 |a TXAM  |c [4764] 
090 |a BD31  |b .W3 1908 
092 |a 190  |b W33 
100 1 |a Watson, John,  |d 1847-1939. 
245 1 3 |a An outline of philosophy :  |b with notes, historical and critical /  |c by John Watson ... 
250 |a 4th ed. 
264 1 |a Glasgow :  |b J. Maclehose and sons;  |a New York :  |b The Macmillan company,  |c 1908. 
300 |a xxii, 489 pages ;  |c 20 cm. 
336 |a text  |b txt  |2 rdacontent 
337 |a unmediated  |b n  |2 rdamedia 
338 |a volume  |b nc  |2 rdacarrier 
500 |a 1st edition published in 1895 under title: Comte, Mill, and Spencer: an outline of philosophy. 
650 0 |a Philosophy. 
999 |a MARS 
999 f f |s 7fde1fe9-3cff-350c-8e9d-a3e969e78d49  |i 1ed41bb5-5ec1-3f85-adc0-c6009556d41a  |t 0 
952 f f |p ric  |a Texas A&M University  |b Rellis Campus  |c Joint Library Facility  |d Remote Storage  |t 0  |e BD31 .W3 1908  |h Library of Congress classification  |i unmediated -- volume  |m A14800540861 
998 f f |a BD31 .W3 1908  |t 0  |l Remote Storage